| 000 | 00327 a2200133 4500 | ||
|---|---|---|---|
| 001 | 90513 | ||
| 082 | _a613.25 CHA | ||
| 090 |
_c42847 _d42847 |
||
| 100 | _aChant Wendy | ||
| 245 |
_aCrack the fat loss code _cWendy Chant _hEnglish |
||
| 260 |
_aNew York _bMcGraw Hill _c2008 |
||
| 300 | _axx, 282p. | ||
| 500 | _aGeneral Books | ||
| 942 |
_aCAE NUST _k613.25 CHA |
||
| 999 |
_c325586 _d325586 |
||